Harry Potter Quiz - Statistics

General Stats
  • This quiz has been taken 30 times
  • The average score is 15 of 15
Answer Stats
Hint Answer % Correct
Sirius Black
100%
Albus Dumbledore
100%
Hermione Granger
100%
Draco Malfoy
100%
Lucius Malfoy
100%
Harry Potter
100%
Tom Riddle
100%
Severus Snape
100%
George Weasley
100%
Ronald Weasley
100%
Fred Weasley
100%
Ginny Weasley
100%
Rubeus Hagrid
96%
Remus Lupin
93%
Gilderoy Lockhart
89%
No matching quizzes found
Score Distribution
Percent of People with Each Score
Percentile by Number Answered
Your Score History
You have not taken this quiz